ბათუმის შოთა რუსთაველის სახელმწიფო უნივერსიტეტის ბიბლიოთეკა

როგორ შევიძინოთ მეგობრები და როგორ მოვიმხროთ ადამიანები / (ბიბ.ჩანაწერი № 34843)

000 -ლიდერი
ფიქსირებული სიგრძის საკონტროლო ველი 01102nam a2200229Ia 4500
001 - საკონტროლო ნომერი
საკონტროლო ველი 660
003 - საკონტროლო ნომრის იდენტიფიკატორი
საკონტროლო ველი GE_BSU
005 - ბოლო ოპერაციის თარიღი და დრო
საკონტროლო ველი 20221017100942.0
008 - ფიქსირებული სიგრძის მონაცემთა ელემენტები - ზოგადი ინფორმაცია
ფიქსირებული სიგრძის საკონტროლო ველი 181216s1992||||ge |||||||||||||| ||geo||
040 ## - კატალოგიზაციის წყარო
Transcribing agency GE_BSU
041 ## - ენის კოდი
Language code of text/sound track or separate title geo
080 ## - უნივერსალური ათობითი კლასიფიკაციის ინდექსი
Universal Decimal Classification number 316.6+316.472.2 კ-29
100 ## - მთავარი ჩანაწერი - პიროვნების სახელი
Personal name კარნეგი, დეილ
9 (RLIN) 15326
245 ## - ცნობა სათაურის შესახებ
Title როგორ შევიძინოთ მეგობრები და როგორ მოვიმხროთ ადამიანები /
Statement of responsibility, etc დეილ კარნეგი ; ინგლ. თარგმნა ჯემალ ჭელიძემ.
264 ## - წარმოების, გამოცემის, დისტრიბუციის და სხვა ცნობები
გამოცემის, წარმოების, დისტრიბუციის... ადგილი თბილისი :
გამოცემის, წარმოების, დისტრიბუციის... სახელწოდება ორიონი,
გამოცემის, წარმოების, დისტრიბუციის... თარიღი 1992.
300 ## - ფიზიკური აღწერა
Extent 168 გვ.;
Other physical details 20 სმ.
653 ## - INDEX TERM--UNCONTROLLED
Uncontrolled term სოციალური ფსიქოლოგია;
653 ## - INDEX TERM--UNCONTROLLED
Uncontrolled term ურთიერთობები ადამიანთა შორის;
653 ## - INDEX TERM--UNCONTROLLED
Uncontrolled term პიროვნებათაშორისი ურთიერთობები
700 ## - ADDED ENTRY--PERSONAL NAME
Personal name ჭელიძე, ჯემალ
Relator term მთარგმნელი
9 (RLIN) 15327
942 ## - ADDED ENTRY ELEMENTS (KOHA)
Koha item type წიგნი
Source of classification or shelving scheme
ეგზემპლარები
ჩამოწერის სტატუსი დაკარგული ეგზემპლარის სტატუსი კლასიფიკაციის წყარო ან თაროზე გაწყობის სქემა დაზიანების სტატუსი არ გაიცემა მუდმივი მდებარეობა (დაცვის ადგილი) ამჟამინდელი ადგილსამყოფელი თაროზე განთავსების ადგილი შეძენის თარიღი ღირებულება, შესყიდვის ნორმალური ფასი სრული შენახვის შიფრი შტრიხკოდი ბოლო ოპერაციის თარიღი ეგზემპლარის მიმდევრობითი ნომერი (კეტერი?) ფასის ძალაში შესვლის თარიღი ეგზემპლარის სახეობა საჯარო შენიშვნა
          ბათუმის შოთა რუსთაველის სახელმწიფო უნივერსიტეტის მთავარი ბიბლიოთეკა ბათუმის შოთა რუსთაველის სახელმწიფო უნივერსიტეტის მთავარი ბიბლიოთეკა წიგნსაცავი 2018-12-17 7.00 316.6+316.472.2 კ-29 1575 2018-12-17 1575 2018-12-17 წიგნი 7 ლ.
          ბათუმის შოთა რუსთაველის სახელმწიფო უნივერსიტეტის მთავარი ბიბლიოთეკა ბათუმის შოთა რუსთაველის სახელმწიფო უნივერსიტეტის მთავარი ბიბლიოთეკა წიგნსაცავი 2018-12-17 6.00 316.6+316.472.2 კ-29 27906 2018-12-17 27906 2018-12-17 წიგნი 6 ლ.
          ბათუმის შოთა რუსთაველის სახელმწიფო უნივერსიტეტის მთავარი ბიბლიოთეკა ბათუმის შოთა რუსთაველის სახელმწიფო უნივერსიტეტის მთავარი ბიბლიოთეკა წიგნსაცავი 2022-10-17 6.00 316.6+316.472.2 28700 2022-10-17 28700 2022-10-17 წიგნი 6 ლ.